000
00293nam a2200121Ia 4500
008
190216s9999||||xx |||||||||||||| ||und||
100
_a
Tip Top Azeez
245
0
_a
Enikku Gusthi Padikkanda
260
_b
C I C C Book House
_c
1995
300
_a
48p
650
_a
Malayalam Nadakam
942
_c
BK
999
_c
27752
_d
27752